000 00697nam a2200289Ia 4500
005 20260324124838.0
008 008 260324s9999 xx 000 0 eng d
020 _a9780203848647
037 _aEBOOK
040 _aCRL
040 _beng
040 _cCRL
041 _2eng
041 _aeng
084 _qCRL
100 _aManabrata Guha
_91175717
245 0 _aReimagining War in the 21st Century
245 0 _bFrom Clausewitz to Network-Centric Warfare
260 _bTaylor and Francis
260 _c2010
365 _a
365 _b240
856 _uhttp://www.taylorfrancis.com/books/9780203848647
942 _cEBOOK
999 _c1770470
_d1770470